000 00556nam a2200193Ia 4500
005 20250508164835.0
008 008 250505s9999 xx 000 0 eng d
037 _aDissertations
040 _aFEDL
_beng
_cFEDL
041 _aeng
_2eng
084 _a372.4, VER/DI
_qFEDL
100 _aVersha
245 0 _aReading comprehension : Role of reader's schema and metacognitive skills
260 _c2009
300 _a45p.
546 _aM.Ed Dissertation, (Delhi University)
942 _cDIS
_h372.4, VER/DI
999 _c1391521
_d1391521